000 00635nas a22001817a 4500
001 K121228
007 ta
008 200319b2020 ||||| |||| 00| 0 eng d
041 _aeng
245 _aTime for a change of use
260 _c2020
490 _aRICS Modus
_vMarch 2020, 7(1)
520 _aDiscusses whether developers have misused permitted development rights to create sub-standard housing. References RICS insight paper "Extending permitted development rights in England".
650 _aPERMITTED DEVELOPMENT RIGHTS
650 _aSUB-STANDARD HOUSING
651 _aUnited Kingdom
690 _96259
_aPlanning and development
999 _c121228
_d121228